000
00246nam a2200109Ia 4500
008
221009s9999 xx 000 0 und d
082
_a
323/ANT
100
_a
Antony, M J
_9
2084
245
0
_a
Women's Rights
260
_b
Clarion Books
942
_c
BK
999
_c
64795
_d
64795